|
|
|
|
| LEADER |
00000nab a2200000 a 4500 |
| 001 |
vtls008620834 |
| 003 |
SK-MaSNL |
| 005 |
20260304145224.0 |
| 008 |
250505c2005 xo mr|p|||||||000 b|slo |
| 015 |
|
|
|a SNBRB2006/02
|2 snkbucl
|
| 035 |
|
|
|a (uuid)1351d7f5-464f-427c-b7d3-31f51195408a
|
| 035 |
|
|
|a urn:nbn:sk:snk-ab23ms
|
| 035 |
|
|
|a (urnnbn)urn:nbn:sk:snk:ar-a01hyw
|
| 038 |
|
|
|a SNKBUCL
|
| 040 |
|
|
|a SNKBUCL
|b slo
|c SNKBUCL
|e AACR2
|
| 041 |
0 |
|
|a slo
|
| 044 |
|
|
|a xo
|c SK
|
| 080 |
|
|
|a 78.071.2:787.41
|2 1997
|
| 080 |
|
|
|a 787.41
|2 1997
|
| 100 |
1 |
|
|a Motyčka, Peter,
|d 1978-
|4 aut
|9 184766
|
| 245 |
1 |
0 |
|a Charles Mingus: Tonight At Noon
|c Peter Motyčka
|
| 600 |
1 |
7 |
|a Mingus, Charles
|2 snkbucl
|9 625630
|
| 630 |
0 |
7 |
|a Tonight At Noon (nahrávka CD)
|2 snkbucl
|9 1467701
|
| 650 |
0 |
7 |
|a nahrávky CD
|2 snkbucl
|9 19639
|
| 655 |
|
7 |
|a recenzie
|2 snkbucl
|9 21907
|
| 773 |
0 |
|
|t Hudobný život
|g Roč. XXXVII, č. 11-12 (2005), s. 51
|x 1335-4140
|
| 850 |
|
|
|a Slovenská národná knižnica
|
| 852 |
|
|
|a Slovenská národná knižnica
|
| 954 |
|
|
|a odborná, vedecká literatúra pôvodná (slovenská)
|2 lita
|
| 958 |
|
|
|a article27
|
| 958 |
|
|
|a OND
|
| 958 |
|
|
|a RC
|
| 958 |
|
|
|a EUIPO
|
| 999 |
|
|
|c 2934880
|d 2936810
|